Face cachée du pétrole / (Record no. 2675)
[ view plain ]
| 000 -LEADER | |
|---|---|
| fixed length control field | 01147cam a2200349Ma 4500 |
| 001 - CONTROL NUMBER | |
| control field | ocn224910497 |
| 003 - CONTROL NUMBER IDENTIFIER | |
| control field | TZ-ArACH |
| 005 - DATE AND TIME OF LATEST TRANSACTION | |
| control field | 20130704161211.0 |
| 008 - FIXED-LENGTH DATA ELEMENTS--GENERAL INFORMATION | |
| fixed length control field | 071031s2007 fr 000 0 fre d |
| 020 ## - INTERNATIONAL STANDARD BOOK NUMBER | |
| International Standard Book Number | 2266169092 |
| 020 ## - INTERNATIONAL STANDARD BOOK NUMBER | |
| International Standard Book Number | 9782266169097 |
| 035 ## - SYSTEM CONTROL NUMBER | |
| System control number | (OCoLC)224910497 |
| 040 ## - CATALOGING SOURCE | |
| Original cataloging agency | LVB |
| Language of cataloging | fre |
| Transcribing agency | TZ-ArACH |
| 041 ## - LANGUAGE CODE | |
| Language code of text/sound track or separate title | Fre |
| 049 ## - LOCAL HOLDINGS (OCLC) | |
| Holding library | TZAA |
| 050 ## - LIBRARY OF CONGRESS CALL NUMBER | |
| Classification number | HD9560 |
| Item number | .L38 |
| 100 1# - MAIN ENTRY--PERSONAL NAME | |
| Personal name | Laurent, Eric. |
| 9 (RLIN) | 11781 |
| 245 13 - TITLE STATEMENT | |
| Title | Face cachée du pétrole / |
| Statement of responsibility, etc | Éric Laurent ; postface inédite de l'auteur. |
| 246 14 - VARYING FORM OF TITLE | |
| Title proper/short title | Face cachée du pétrole : |
| Remainder of title | l'enquête |
| 260 ## - PUBLICATION, DISTRIBUTION, ETC. (IMPRINT) | |
| Place of publication, distribution, etc | Paris : |
| Name of publisher, distributor, etc | Plon, |
| Date of publication, distribution, etc | 2007. |
| 300 ## - PHYSICAL DESCRIPTION | |
| Extent | 460 p. |
| 490 1# - SERIES STATEMENT | |
| Series statement | Pocket ; |
| Volume number/sequential designation | 13254 |
| 504 ## - BIBLIOGRAPHY, ETC. NOTE | |
| Bibliography, etc | Bibliogr.: p. 445-[453]. |
| 650 #6 - SUBJECT ADDED ENTRY--TOPICAL TERM | |
| Topical term or geographic name as entry element | Pétrole |
| General subdivision | Exploitation. |
| 9 (RLIN) | 11782 |
| 650 #6 - SUBJECT ADDED ENTRY--TOPICAL TERM | |
| Topical term or geographic name as entry element | Pétrole |
| General subdivision | Industrie et commerce. |
| 9 (RLIN) | 11783 |
| 650 #6 - SUBJECT ADDED ENTRY--TOPICAL TERM | |
| Topical term or geographic name as entry element | Pétrole |
| General subdivision | Aspect politique. |
| 9 (RLIN) | 11784 |
| 650 #6 - SUBJECT ADDED ENTRY--TOPICAL TERM | |
| Topical term or geographic name as entry element | Pétrole |
| General subdivision | Aspect économique. |
| 9 (RLIN) | 11785 |
| 650 #6 - SUBJECT ADDED ENTRY--TOPICAL TERM | |
| Topical term or geographic name as entry element | Produits pétroliers |
| General subdivision | Prix. |
| 9 (RLIN) | 11786 |
| 830 #0 - SERIES ADDED ENTRY--UNIFORM TITLE | |
| Uniform title | Pocket ; |
| Volume number/sequential designation | 13254. |
| 9 (RLIN) | 11787 |
| 942 ## - ADDED ENTRY ELEMENTS (KOHA) | |
| Source of classification or shelving scheme | Library of Congress Classification |
| Koha item type | Books |
| Home library | Current library | Shelving location | Date acquired | Full call number | Barcode | Koha item type |
|---|---|---|---|---|---|---|
| African Court on Human and Peoples' Rights Library | African Court on Human and Peoples' Rights Library | 04/07/2013 | HD9560 .L38 | 10239243 | Books |
